000 01090nam a2200277 i 4500
003 DO-SdBNP
005 20230908085940.0
007 ta
008 110525s1986 dr 001 spa d
040 _aDO-SdBNP
_bspa
_cBNPHU
_erda
082 _axxxxx
_bxxxxx
_2xxx
100 _aCamilo de Cuello, Lourdes
_913081
245 1 0 _aCatálogo de libros dominicanos /
_cLourdes Camilo de Cuello, Federico Alberto Cuello
264 1 _aSanto Domingo :
_bTaller,
_c1986.
300 _a100 páginas
_c27 cm.
336 _2rdacontent
_atexto
_btxt
337 _2rdamedia
_asin mediación
_bn
338 _2rdacarrier
_avolumen
_bnc
490 1 _aBiblioteca Taller
_v227
490 1 _aCatalogo de libros dominicanos
_v6
500 _acolaboración: Academia Dominicana de la Historia, Fundación Rodríguez Demorizi, Obras de don Emilio Demorizi, Sociedad Dominicana de Geografía, Casa de Teatro, Universidad Nacional Pedro Henríquez Ureña, otros editores.
590 _aInventariado, 2023/ YL
700 1 _aCuello, Federico Alberto
_eautor
_984076
910 _aYLockward
942 _2ddc
_cLBS1
999 _c54649
_d54649